| 000 | nam a22 a 4500 | ||
|---|---|---|---|
| 999 |
_c3906 _d3906 |
||
| 003 | AKMAL | ||
| 005 | 20170524122126.0 | ||
| 008 | 170524s1991 xxk 00 eng d | ||
| 020 |
_a1852520833 (pbk): _cRM 44.00 |
||
| 040 | _aAKMAL | ||
| 082 | 0 | 4 | _a808.5 THO |
| 090 |
_a808.5 _bTHO |
||
| 100 | 1 |
_aThornely, Nick _97708 |
|
| 245 | 1 | 0 |
_aWinning with words / _cNick Thornely & Dan Lees |
| 260 |
_aLondon : _bMercury Books, _c1991 |
||
| 300 |
_a160p. : _bill. ; _c22cm |
||
| 650 |
_aOral communication _9684 |
||
| 650 |
_aSpeech _97709 |
||
| 700 | 1 |
_aLees, Dan _97710 |
|
| 942 |
_2ddc _cBOOK |
||